Vista normal
Vista MARC
Entrada Personal Name
Número de registros utilizados en: 1
001 - CONTROL NUMBER
- control field: 8071
003 - CONTROL NUMBER IDENTIFIER
- control field: DLC
005 - DATE AND TIME OF LATEST TRANSACTION
- control field: 20200716120851.0
008 - FIXED-LENGTH DATA ELEMENTS
- fixed length control field: 120821n| acannaabn a aaa c
010 ## - LIBRARY OF CONGRESS CONTROL NUMBER
- LC control number: ns2012003773
035 ## - SYSTEM CONTROL NUMBER
- System control number: (CaEvSKY)skya9998718
040 ## - CATALOGING SOURCE
- Original cataloging agency: MX-MxITA
- Language of cataloging: Spa
- Transcribing agency: Mx-PuUPA
- Modifying agency: Mx-PuUPA
- Description conventions: rda
100 1# - HEADING--PERSONAL NAME
- Personal name: Ayala Brito, Gamaliel,
374 ## - OCCUPATION
- Occupation: Autor
375 ## - GENDER
- Gender: hombre
377 ## - ASSOCIATED LANGUAGE
- Language code: spa
400 1# - SEE FROM TRACING--PERSONAL NAME
- Personal name: Brito, Gamaliel Ayala
670 ## - SOURCE DATA FOUND
- Source citation: Administración financiera aplicada a restaurantes, 2007:
- Information found: t.p. (Gamaliel Ayala Brito)
670 ## - SOURCE DATA FOUND
- Source citation: biblioteca del congreso (Estados Unidos), 12 septiembre 2018:
- Information found: catálogo electrónico
- Uniform Resource Identifier: https://goo.gl/Z5ajQu